| 000 | 00866nam a2200289 i 4500 | ||
|---|---|---|---|
| 003 | DO-SdBNP | ||
| 005 | 20250224141118.0 | ||
| 007 | ta | ||
| 008 | 250224s1987 dr a r 000 0 spa d | ||
| 040 |
_aDO-SdBNP _bspa _cBNPHU _erda |
||
| 082 | 4 |
_a301 _bC334h, 1987 _222 |
|
| 100 | 1 |
_aCasado M., Lucio _936878 |
|
| 245 | 1 | 0 |
_aHombre y sociedad / _cLucio Casado M. |
| 250 | _aCuarta edición | ||
| 264 | 1 |
_aSanto Domingo : _bEditora De Colores, _c1987. |
|
| 300 |
_a328 páginas _bilustraciones _c21 cm. |
||
| 336 |
_atexto _btxt _2rdacontent |
||
| 337 |
_asin mediación _bn _2rdamedia |
||
| 338 |
_avolumen _bnc _2rdacarrier |
||
| 504 | _aBibliografía : p. 327-328. | ||
| 590 | _aInventariado, 2025/ YL | ||
| 650 | 0 |
_aCambio social _91661 |
|
| 650 | 4 |
_aSociología educativa _953721 |
|
| 650 | 0 |
_aClases sociales _91062 |
|
| 910 | _aYLockward | ||
| 942 |
_2ddc _cLBS1 |
||
| 999 |
_c58211 _d58211 |
||